[Event "Stuttgart-chB int"]
[Site "Ditzingen"]
[Date "2009.05.23"]
[Round "6"]
[White "Herdt, Wladimir"]
[Black "Werner, Stefan1111"]
[Result "1-0"]
[WhiteElo "1862"]
[BlackElo "1695"]
[PlyCount "103"]
[EventDate "2009.05.21"]
[EventType "swiss"]
[EventRounds "7"]
[EventCountry "GER"]
[SourceTitle "EXT 2018"]
[Source "ChessBase"]
[SourceDate "2017.10.13"]
[SourceVersion "1"]
[SourceVersionDate "2017.10.13"]
[SourceQuality "1"]

1. d4 d5 2. c4 e6 3. Nf3 c6 4. e3 Nf6 5. Nc3 Nbd7 6. Bd3 dxc4 7. Bxc4 Bd6 8. 0-0 0-0 9. e4 e5 10. Bg5 h6 11. Bh4 exd4 12. Nxd4 Qc7 13. h3 Re8 14. Nf5 Be5 15. Bg3 Bxg3 16. Nxg3 Nb6 17. Bb3 Be6 18. Rc1 Rad8 19. Qc2 Qf4 20. Bxe6 Rxe6 21. Rcd1 Red6 22. Nce2 Qe5 23. f4 Qa5 24. Rxd6 Rxd6 25. e5 Rd2 26. Qb3 Nfd5 27. f5 Qc5+ 28. Kh2 Qc4 29. Qf3 Qc5 30. Ne4 Qc2 31. Nxd2 Qxd2 32. e6 Nf6 33. exf7+ Kxf7 34. Qb3+ Kf8 35. Nf4 Qd6 36. Kh1 Nfd5 37. Nxd5 Qxd5 38. Qa3+ c5 39. Qxa7 Nd7 40. Qa4 Nb6 41. Qb5 Nc4 42. f6 Ne3 43. fxg7+ Kxg7 44. Rf2 Qd1+ 45. Kh2 Qd6+ 46. g3 Qd5 47. Qe2 Nf5 48. Qg4+ Kf6 49. h4 Qe5 50. h5 Ke6 51. Qg6+ Qf6 52. Re2+ 1-0

[Event "Stuttgart-chB int"]
[Site "Ditzingen"]
[Date "2009.05.21"]
[Round "2"]
[White "Herdt, Wladimir"]
[Black "Geilfuss, Alexander"]
[Result "1-0"]
[WhiteElo "1862"]
[BlackElo "1555"]
[PlyCount "73"]
[EventDate "2009.05.21"]
[EventType "swiss"]
[EventRounds "7"]
[EventCountry "GER"]
[SourceTitle "EXT 2018"]
[Source "ChessBase"]
[SourceDate "2017.10.13"]
[SourceVersion "1"]
[SourceVersionDate "2017.10.13"]
[SourceQuality "1"]

1. d4 d5 2. c4 e6 3. e3 Nf6 4. Nc3 c6 5. Nf3 Nbd7 6. Bd3 dxc4 7. Bxc4 b5 8. Bd3 a6 9. 0-0 c5 10. Ne4 Bb7 11. Nxf6+ Nxf6 12. Qe2 cxd4 13. Rd1 Bd6 14. Nxd4 0-0 15. b3 h5 16. Bb2 Bxh2+ 17. Kxh2 Ng4+ 18. Kg1 Qh4 19. Nf3 Bxf3 20. Qxf3 Qh2+ 21. Kf1 Qc7 22. Qe4 g6 23. f3 Nh6 24. Be5 Qb6 25. Qf4 Kh7 26. Qf6 Rg8 27. Bd4 Qd6 28. Be5 Qb6 29. Ke2 Rad8 30. Bd4 Qd6 31. Rh1 Qg3 32. Rag1 Rd5 33. Rh3 Qd6 34. Rgh1 Qa3 35. Bb1 Qa5 36. Bxg6+ Rxg6 37. Qh8# 1-0